000 00522pab a2200193 454500
008 180718b2007 xxu||||| |||| 00| 0 eng d
100 _aVinayagamoorthy, A.
245 _aWomen empowerment through self help groups: a case study in North Tamil Nadu
260 _c2007
300 _ap.32-36.
362 _aApr
650 _aWomen - Case studies
650 _aSelf help - India - Tamil Nadu
650 _aWomen - India - Tamil Nadu
650 _aWomen
773 _aSocial Welfare
908 _aN
909 _a73741
999 _c73741
_d73741